00445nam a2200157Ia 4500003000900000008004100009020002200050040001600072080001500088100001800103245004800121260003400169300001500203650002800218650004100246IN-BaIIA211028s9999 xx 000 0 eng d a978 0486 238 93 7 cIIA Library a520.2bKIN aKing, Henry C 4aThe history of the telescopecHenry C. King aLondonbCharles Griffinc1955 axvi, 456p. aAstronomical telescopes aAstronomy and astrophysics thesaurus